Music Quiz

Random Music or Taylor Swift Quiz
Score 0/6 Timer 04:00
0 Plays Today
Lyrics Song % Correct
You'll be the prince and I'll be the princess.Love Story
97%
I almost didn't notice all the roses, and the note that said...Our Song
86.3%
There's nothing stopping me from going out with all of your best friends.Picture to Burn
80.8%
He says he's so in love, he's finally got it right.Teardrops on My Guitar
78.5%
Were you just kidding? Cause it seems to me, this thing is breaking down, we almost never speak.Forever and Always
68%
You can see that I've been crying, baby, you know all the right things to say.Should've Said No
47.6%
Remove Ads.
Support Sporcle.
Get the best of Sporcle when you Go Orange. This ad-free experience offers more features, more stats, and more fun while also helping to support Sporcle. Thank you for becoming a member.

You're not logged in!

Compare scores with friends on all Sporcle quizzes.
OR
Log In

Show Comments

Extras

Created Nov 2, 2010ReportNominate
Tags:Taylor Swift Quiz

Top Quizzes Today


Score Distribution

Your Account Isn't Verified!

In order to create a playlist on Sporcle, you need to verify the email address you used during registration. Go to your Sporcle Settings to finish the process.

Report this User

Report this user for behavior that violates our Community Guidelines.

Details: